000
00258nas a22001097a 4500
999
_c
523483
_d
523483
022
_a
2226-0102
082
_a
658.406
245
_a
Journal for development and leadership
260
_a
Estren Cape
_b
CADAR Printers
_c
June 2016
300
_a
22 cm
942
_c
CR